000 00420nam a2200169Ia 4500
008 220531s9999 xx 000 0 und d
041 _aeng
082 _bMAH
100 _aMahajan Suhas &. Kulkarni Mahesh
_956054
245 _aCost & Works Accounting Ii
260 _aPune
_bNirali
_c2009
300 _a8.24
542 _d04-04-2010
650 _acosting
_956055
906 _d2010-2011
999 _c32331
_d32331